000
00310nam a22001217a 4500
008
181221b xxu||||| |||| 00| 0 eng d
041
_a
eng
080
_a
316
100
_a
50
101
_a
soc
245
_a
The America Class Systems An Introduction Social Stratification
_c
danie.w.r
942
_2
udc
_c
BK
999
_c
53602
_d
53602